00472 2200169 4500001002100000005001500021035002000036008004100056245006200097100001800159260003000177300002500207084001800232082000800250650002400258990002000282INLIS00000000000243620241125033653 a0010-1124000417241125 0 ind 1 aCara Gampang Belajar Toefl (Grammar 1) /cPeni ER Pramono aPramono, Peni aYogyakarta :bAndi,c2007 a286 hlm. ;c21x14 cm a425 PRA C C.1 a425 4aTata Bahasa Inggris a090811200004498